| 000 | 00716nam a22001337a 4500 | ||
|---|---|---|---|
| 040 | _cRUA | ||
| 082 | _aLMA LAY2017 B652 Or.1 | ||
| 100 | _aLAY HONG ឡាយ ហុង | ||
| 245 | _astudy on the future of infrastruchuer plan to support developing land use master plan in s ang district kandal province សិក្សារគម្រោងរៀបចំហេដ្ឋារចនាសម្ព័ន្ធអនាគត់គាំទ្រដល់ការកសាងគោលប្រើប្រាស់ដីនៅក្នុងស្រុកស្អាងខេត្តកណ្តាល | ||
| 260 |
_aRUA _bPhnom penh _c2017 |
||
| 300 |
_ax;56p _bill; _c29cm |
||
| 856 | _u LAY HONG | ||
| 942 | _cLMA | ||
| 999 |
_c18448 _d18448 |
||